Les Français peints par eux-mêmes : types et portraits humoristiques à la plume et au crayon : moeurs contemporaines /

Bibliographic Details
Other Authors: Balzac, Honoré de, 1799-1850, Janin, Jules, 1804-1874, Meissonier, Jean Louis Ernest, 1815-1891 (Illustrator), Motteroz, 1838- (Printer)
Format: Book
Language:French
Published: Paris : J. Philippart, libraire-éditeur, 12, rue de Buci, 12, [1876-1878]
Subjects:

MARC

Tag First Indicator Second Indicator Subfields
LEADER 00000cam a2200000Ia 4500
001 in00002708430
005 20151202143227.0
008 770519m18761878fr a 000 0 fre d
035 |a (OCoLC)ocm02977779 
035 |a (OCoLC)2977779 
040 |a TJC  |c TJC  |d OCLCQ  |d NOC  |d TXA  |d UtOrBLW 
043 |a e-fr--- 
049 |a TXAM 
090 |a DC33.6  |b .F76 1876 
245 0 4 |a Les Français peints par eux-mêmes :  |b types et portraits humoristiques à la plume et au crayon : moeurs contemporaines /  |c par H. de Balzac [and others] ; illustrations de Meissonier [and others]. 
264 1 |a Paris :  |b J. Philippart, libraire-éditeur, 12, rue de Buci, 12,  |c [1876-1878] 
300 |a 4 volumes :  |b illustrations ;  |c 30 cm. 
336 |a text  |b txt  |2 rdacontent 
337 |a unmediated  |b n  |2 rdamedia 
338 |a volume  |b nc  |2 rdacarrier 
500 |a Printer's device on title page verso, t. 1-4: C. Motteroz. Colophon, t. 2-3: Paris.--Typ. Motteroz, 31. r. Dragon. 
500 |a Not a reprint of the 1840-1842 edition of the same title published by Curmer. Some original texts and illustrations are reproduced, some are omitted, and additional texts and illustrations are added. 
500 |a Authors and artists vary in each volume. See Vicaire for extended transcription of the title pages. 
500 |a Introduction by Jules Janin. 
500 |a Text printed in double columns. 
500 |a Initials, head- and tailpieces; many full-page in-text illustrations. 
500 |a Tome 1: xv, [1], 383, [1] pages; t. 2: [4], 395, [3] pages; t. 3: [4], 395, [1] pages; t. 4: 399, [1] pages. 
500 |a Tome 4 has imprint: Paris : J. Philippart, libraire-éditeur, 35, rue Monsieur-le-Prince, 35. 
500 |a Originally issued in 200 parts. 
510 4 |a Vicaire, G. Livres du 19. s.,  |c III, 803-806 
510 4 |a Carteret, L. Trésor, 1801-1875,  |c III, 251 
510 4 |a Brivois, J. Ouvrages illustrés du 19.s.,  |c p. 160-161 
510 4 |a Library of Peter A. Wick [catalog],  |c 81 
651 0 |a France  |x Social life and customs  |y 19th century. 
651 0 |a Paris (France)  |x Social life and customs  |y 19th century. 
650 0 |a Costume  |z France. 
650 0 |a National characteristics, French. 
655 7 |a Illustrated works  |z France  |y 19th century.  |2 rbgenr 
655 7 |a Bookplates (Provenance)  |2 rbprov 
700 1 |a Balzac, Honoré de,  |d 1799-1850. 
700 1 |a Janin, Jules,  |d 1804-1874. 
700 1 |a Meissonier, Jean Louis Ernest,  |d 1815-1891,  |e illustrator. 
700 1 |a Philippart, J.,  |e publisher. 
700 1 |a Motteroz,  |d 1838-  |e printer. 
752 |a France  |d Paris. 
936 |a PR 465354418 
948 |a cataloged  |b h  |c 2011/9/21  |d c  |e hgolay  |f 12:05:20 pm 
994 |a C0  |b TXA 
999 |a MARS 
999 f f |s 5b9536d7-f1ef-3b10-8149-4235712d1d81  |i 2ade5730-430a-3fb4-8864-a203a472658f  |t 0 
952 f f |p noncirc  |a Texas A&M University  |b College Station  |c Cushing Memorial Library & Archives  |d Cushing: Dawson French (Does not check out)  |t 0  |e DC33.6 .F76 1876  |h Library of Congress classification  |i unmediated -- volume  |k t.1 
952 f f |p noncirc  |a Texas A&M University  |b College Station  |c Cushing Memorial Library & Archives  |d Cushing: Dawson French (Does not check out)  |t 0  |e DC33.6 .F76 1876  |h Library of Congress classification  |i unmediated -- volume  |k t.2 
998 f f |a DC33.6 .F76 1876  |s t.1-t.2  |t 0  |l Cushing: Dawson French (Does not check out)